00528nam a2200157Ia 450000500170000000800410001708200130005810000220007124500340009326000430012730000130017050000730018394200060025695200930026299900150035520241217024844.0240331s9999 xx 000 0 und d bWICa823 aWickremasinghe, M 4aThe way of the Lotus Viragaya aDehiwalabTisara Prakasakayo Ltdc1985 a173 p ., a The way of the lotus Viragaya in the medium of the realistic Novel. cL 001040708LaWERCLbWERCLcSSCd2024-03-31l0o 823 WICp77r2024-03-31w2024-03-31yL c3367d3367